000 00733nam0a22002531 4500
001 rc\4824739
005 20250612191857.0
021 _aRU
_b[61-23466]
035 _a(NLR Aleph) 008802790
090 _a8112368
_c8112368
100 _a20130426d1961 |||y0rusy50 ca
101 0 _arus
102 _aRU
105 _aa z |||a|
200 1 _aЯкорная площадь
_eДрам. повесть в 2 ч.
210 _aМосква
_cИскусство
_d1961
215 _a78 с., 2 л. ил.
_d17
700 1 _aШток
_bИ.В.
_f1908-1980
_gИсидор Владимирович
801 0 _aRU
_bNLR
_gpsbo
801 1 _aRU
_bELAR
_2rusmarc
852 _aNLR
_jМБР-I-1192
852 _aNLR
_j61-2/942
942 _cBOOK
980 _aNB